Vývojové úrovně a etické aspekty autonomních vozidel

Šesť úrovní evolúcie motorových vozidiel bez asistencie k plne autonómnym vozidlám. Etické aspekty prevádzkovania autonómnych vozidiel. Plne autómne vozidlo ako robot. Útok hackera na riadiaci systém vozidla. Pozitívne vplyvy autonómnych vozidiel. Nové riziká, hrozby ale aj príležitosti autonómnych...

Full description

Saved in:
Bibliographic Details
Main Author: Jedlička, Petr
Other Authors: Houska, Lukáš
Format: Book Chapter
Language:Czech
Subjects:
Tags: Add Tag
No Tags, Be the first to tag this record!

MARC

LEADER 00000nla a2200000 4500
001 0241766
005 20240417075134.5
041 0 |a cze 
044 |a CZ 
245 1 0 |a Vývojové úrovně a etické aspekty autonomních vozidel  |c Petr Jedlička, Lukáš Houska 
520 |a Šesť úrovní evolúcie motorových vozidiel bez asistencie k plne autonómnym vozidlám. Etické aspekty prevádzkovania autonómnych vozidiel. Plne autómne vozidlo ako robot. Útok hackera na riadiaci systém vozidla. Pozitívne vplyvy autonómnych vozidiel. Nové riziká, hrozby ale aj príležitosti autonómnych vozidiel. 
610 2 0 |a vozidlá motorové 
610 2 0 |a automatizácia 
610 2 0 |a systémy riadenia 
610 2 0 |a technológie informačné 
610 2 0 |a technológie komunikačné 
610 2 0 |a etika 
610 2 0 |a nehody dopravné 
610 2 0 |a doprava 
610 2 0 |a bezpečnosť 
100 1 |a Jedlička, Petr 
700 1 |a Houska, Lukáš